000 00609nam a2200229Ia 4500
003 OSt
005 20220924122111.0
006 a|||||r|||| 00| 0
007 ta
008 220923b |||||||| |||| 00| 0 urd d
024 _a315831
037 _cTextual
040 _aARTS
_cARTS
_burd
041 _2urd
_aurd
082 _aO168,1NKA4x, M6
100 _aGardezi Karamat
_9188302
245 0 _aMadar
260 _aLahore
_bGardezi Publications Pakistan
_c1986
650 _aURDU POETRY
942 _hO168,1NKA4x, M6
_cTEXL
_2CC
999 _c410252
_d410252